Statistiques concernant Pays du monde grâce aux monuments. 1

Cliquez ici pour prendre le quiz!

Statistiques générales

  • Ce quiz a été pris 176 fois
  • Le résultat moyen est 15 sur 16

Statistiques - réponses

Réponse% Correct
France
100%
Japon
100%
Brésil
99%
Chine
99%
Egypte
99%
Etats-Unis
99%
Grèce
99%
Italie
99%
Royaume uni
99%
Australie
97%
Espagne
97%
Inde
96%
Russie
95%
Allemagne
85%
Turquie
69%
Canada
28%

Distribution des résultats

Percentile par nombre de réponses

% des personnes avec chaque résultat

Votre développement - résultats

Vous n’avez pas pris ce quiz